Fastest 100 Meter Sprinters (Women) - Statistics

General Stats
  • This quiz has been taken 20 times
  • The average score is 4 of 10
Answer Stats
Time Name Country % Correct
10.60 Shelly-Ann Fraser-Pryce Jamaica
76%
10.49 Florence Griffith-Joyner USA
71%
10.65 Sha'Carri Richardson USA
71%
10.65 Shericka Jackson Jamaica
47%
10.72 Julien Alfred Saint Lucia
41%
10.72 Marie-Josée Ta Lou Ivory Coast
41%
10.65 Marion Jones USA
35%
10.54 Elaine Thompson-Herah Jamaica
29%
10.64 Carmelita Jeter USA
6%
10.73 Christine Arron France
6%
No matching quizzes found
Score Distribution
Percent of People with Each Score
Percentile by Number Answered
Your Score History
You have not taken this quiz